| 000 | 01261nam a22002417a 4500 | ||
|---|---|---|---|
| 008 | 111129s1992 ua||||| |||| 00| 0 ara d | ||
| 020 | _a9772571110 | ||
| 082 |
_222 _a327.581047 _bح ق ع |
||
| 100 |
_927942 _aحق شناس، ش. ن |
||
| 245 |
_aالعلاقات الأفغانية الروسية من عهد الأمير دوست محمد خان حتى ببرك 1826-1984 / _cتأليف ش. ن. حق شناس ؛ ترجمه عن الفارسية عفاف السيد زيدان. |
||
| 250 | _aط. 1. | ||
| 260 |
_aالقاهرة : _bالزهراء للإعلام العربي، _c1992. |
||
| 300 |
_a615 ص. ؛ _c25 سم. |
||
| 504 | _aيشتمل على ارجاعات ببليوجرافية | ||
| 600 |
_927943 _aدوست محمد خان، _cالامير _d1793-1863 |
||
| 651 |
_927944 _aروسيا _xعلاقات خارجية _zأفغانستان |
||
| 651 |
_927946 _aأفغانستان _xعلاقات خارجية _zروسيا |
||
| 651 |
_927947 _aأفغانستان _xتاريخ _zروسيا _yقرن 20 |
||
| 653 |
_bAra _cNovember2011 |
||
| 700 |
_927945 _aزيدان، عفاف السيد |
||
| 942 |
_2ddc _cBB |
||
| 999 |
_c16278 _d16278 |
||